Основы конструирования интеллектуальных систем поддержки принятия решений в атомной энергетике: учебник для вузов

Bibliografische gegevens
Hoofdauteur: Башлыков А. А. Александр Александрович
Andere auteurs: Еремеев А. П. Александр Павлович
Samenvatting:Учебник посвящен актуальным проблемам использования достижений современных информационных технологий, в том числе методов искусственного интеллекта, в процессе принятия решений в нештатных ситуациях на экологически опасных объектах, характерными примерами которых являются энергоблоки атомных электростанций. Рассматриваемая проблемная область принятия решений в нештатных ситуациях является хорошим примером соответствия важности и сложности проблемы применяемым программно-математическим средствам в виде интеллектуальных (экспертных) систем поддержки принятия решений реального времени. Содержание учебника соответствует требованиям Федерального государственного образовательного стандарта высшего образования последнего поколения. может быть рекомендована в качестве учебника для студентов, обучающихся по направлениям "Атомные станции: проектирование, эксплуатация инжиниринг", "Прикладная математика и информатика", "Информатика н вычислительная техника", "Автоматизация технологических процессов и производств", а также для студентов других направлений, аспирантов, научных и инженерно-технических работников, занимающихся вопросами конструирования современных высокоэффективных систем поддержки принятия решений при управлении сложными техническими (технологическими) объектами и системами.
Taal:Russisch
Gepubliceerd in: Москва, Инфра-М, 2018
Reeks:Высшее образование - Бакалавриат
Onderwerpen:
Formaat: MixedMaterials Boek
KOHA link:https://koha.lib.tpu.ru/cgi-bin/koha/opac-detail.pl?biblionumber=341688

MARC

LEADER 00000nam0a2200000 4500
001 341688
005 20231102005355.0
010 |a 9785160126869 
035 |a (RuTPU)RU\TPU\book\369907 
090 |a 341688 
100 |a 20181018d2018 m y0rusy50 ca 
101 0 |a rus 
102 |a RU 
105 |a a j 001zy 
200 1 |a Основы конструирования интеллектуальных систем поддержки принятия решений в атомной энергетике  |e учебник для вузов  |f А. А. Башлыков, А. П. Еремеев 
210 |a Москва  |c Инфра-М  |d 2018 
215 |a 351 с.  |c ил. 
225 1 |a Высшее образование - Бакалавриат 
320 |a Библиография в конце глав 
320 |a Список основных сокращений: с. 3-4 
330 |a Учебник посвящен актуальным проблемам использования достижений современных информационных технологий, в том числе методов искусственного интеллекта, в процессе принятия решений в нештатных ситуациях на экологически опасных объектах, характерными примерами которых являются энергоблоки атомных электростанций. Рассматриваемая проблемная область принятия решений в нештатных ситуациях является хорошим примером соответствия важности и сложности проблемы применяемым программно-математическим средствам в виде интеллектуальных (экспертных) систем поддержки принятия решений реального времени. Содержание учебника соответствует требованиям Федерального государственного образовательного стандарта высшего образования последнего поколения. может быть рекомендована в качестве учебника для студентов, обучающихся по направлениям "Атомные станции: проектирование, эксплуатация инжиниринг", "Прикладная математика и информатика", "Информатика н вычислительная техника", "Автоматизация технологических процессов и производств", а также для студентов других направлений, аспирантов, научных и инженерно-технических работников, занимающихся вопросами конструирования современных высокоэффективных систем поддержки принятия решений при управлении сложными техническими (технологическими) объектами и системами. 
606 1 |a Атомные электрические станции  |x Принятие решений  |2 stltpush  |3 (RuTPU)RU\TPU\subj\77941  |9 87779 
606 1 |a Интеллектуальные системы  |2 stltpush  |3 (RuTPU)RU\TPU\subj\12806  |9 39523 
610 1 |a АЭС 
610 1 |a человеко-машинное управление 
610 1 |a автоматизированные системы 
610 1 |a средства информационной поддержки 
610 1 |a реализация 
610 1 |a оперативное управление 
610 1 |a операторы 
610 1 |a инструментальные программные системы 
610 1 |a Scada-системы 
610 1 |a СПРИНТ-РВ 
610 1 |a СИМПР 
610 1 |a учебники 
675 |a 621.311.25:621.039(075.8)  |v 4 
675 |a 681.51.015.26(075.8)  |v 4 
700 1 |a Башлыков  |b А. А.  |g Александр Александрович 
701 1 |a Еремеев  |b А. П.  |g Александр Павлович 
801 1 |a RU  |b 63413507  |c 20181018 
801 2 |a RU  |b 63413507  |c 20181115  |g RCR 
942 |c BK 
959 |a 4/20180227  |d 1  |e 1070,00  |f ЧЗТЛ:1